|
|
|
|
| LEADER |
00000nab a2200000 a 4500 |
| 001 |
vtls000060864 |
| 003 |
SK-MaSNL |
| 005 |
20260304063729.0 |
| 008 |
250422c1980 xo 0 slo |
| 015 |
|
|
|a SNBRB19rr/mm-uuuuu
|
| 035 |
|
|
|a CL0070964
|
| 035 |
|
|
|a urn:nbn:sk:snk-ab2jo3
|
| 035 |
|
|
|a (urnnbn)urn:nbn:sk:snk:ar-a02iex
|
| 035 |
|
|
|a (uuid)09a775dd-0a98-4813-bec2-31fdeb7e9f26
|
| 040 |
|
|
|a SNKBUCL
|b slo
|c SNKBUCL
|e AACR2
|
| 041 |
0 |
|
|a slo
|
| 044 |
|
|
|a xo
|c SK
|
| 080 |
|
|
|a 21
|2 1981
|
| 080 |
|
|
|a 159.9
|2 1981
|
| 100 |
1 |
|
|a Lang, Augustín
|4 aut
|9 980917
|
| 245 |
1 |
0 |
|a Pohľad na problematiku psychológie náboženstva v Poľsku
|c Augustín Lang
|
| 650 |
0 |
7 |
|a náboženstvo
|2 snkbucl
|9 2023
|
| 650 |
0 |
7 |
|a psychológia náboženstva
|2 snkbucl
|9 4052
|
| 655 |
|
7 |
|a články z novín a časopisov
|2 snkbucl
|9 267496
|
| 700 |
1 |
|
|a Szmyd, Jan
|4 aut
|9 1350527
|
| 773 |
0 |
|
|t Ateizmus
|g Roč. 8, č. 3 (1980), s. 259-263
|
| 787 |
0 |
8 |
|i Rec.:
|a Szmyd, Jan
|t Osobovosc a religia
|d Varšava : Ksiazka i wiedza, 1979
|
| 850 |
|
|
|a Slovenská národná knižnica
|
| 852 |
|
|
|a Slovenská národná knižnica
|
| 954 |
|
|
|a odborná, vedecká literatúra pôvodná (slovenská)
|2 lita
|
| 958 |
|
|
|a article2022
|
| 958 |
|
|
|a RK
|
| 958 |
|
|
|a PL
|
| 958 |
|
|
|a OND
|
| 958 |
|
|
|a EUIPO
|
| 992 |
|
|
|a RBX
|
| 999 |
|
|
|c 2743908
|d 2745838
|